[Event "Vojvodina-chT 21st"]
[Site "Backa Palanka"]
[Date "2021.10.23"]
[Round "1.3"]
[White "Zlatanovic, Boroljub"]
[Black "Mladenovic, Dusan"]
[Result "1-0"]
[WhiteElo "2330"]
[BlackElo "1993"]
[PlyCount "73"]
[EventDate "2021.10.23"]
[EventType "team-tourn"]
[EventRounds "11"]
[EventCountry "SRB"]
[SourceTitle "CBM 204 Extra"]
[Source "ChessBase"]
[SourceDate "2021.11.30"]
[SourceVersion "1"]
[SourceVersionDate "2021.11.30"]
[SourceQuality "1"]
[WhiteTeam "Opovo Bata Cosic"]
[BlackTeam "Mladenovo"]
[WhiteTeamCountry "SRB"]
[BlackTeamCountry "SRB"]

1. Nc3 d5 2. e4 c6 3. d4 dxe4 4. Nxe4 Bf5 5. Ng3 e6 6. Nxf5 Qa5+ 7. c3 Qxf5 8. Bd3 Qa5 9. Qb3 Qb6 10. Nf3 Bd6 11. Nd2 Qxb3 12. axb3 Nd7 13. b4 Ngf6 14. Nc4 Bc7 15. 0-0 0-0 16. Re1 h6 17. f4 Rfd8 18. Bc2 Nb6 19. Na5 Rab8 20. f5 exf5 21. Bxf5 Nbd5 22. Nb3 a6 23. g3 Bd6 24. Bd2 h5 25. Re2 Re8 26. Rae1 Rxe2 27. Rxe2 g6 28. Bh3 Kg7 29. c4 Nc7 30. Bc3 b5 31. c5 Bf8 32. Na5 Ncd5 33. Nxc6 Ra8 34. Re5 a5 35. Nxa5 Rd8 36. Bg2 Kg8 37. Nb7 1-0

[Event "Vojvodina-chT 2nd League"]
[Site "Backa Palanka"]
[Date "2020.10.18"]
[Round "3.6"]
[White "Stikovic, Dobrica"]
[Black "Mladenovic, Dusan"]
[Result "1-0"]
[WhiteElo "2171"]
[BlackElo "2069"]
[PlyCount "134"]
[EventDate "2020.10.16"]
[EventType "team-tourn"]
[EventRounds "11"]
[EventCountry "SRB"]
[SourceTitle "EXT 2022"]
[Source "ChessBase"]
[SourceDate "2021.10.06"]
[SourceVersion "1"]
[SourceVersionDate "2021.10.06"]
[SourceQuality "1"]
[WhiteTeam "Novi Sad Vojvodina"]
[BlackTeam "Mladenovo"]
[WhiteTeamCountry "SRB"]
[BlackTeamCountry "SRB"]

1. Nf3 Nf6 2. c4 g6 3. Nc3 Bg7 4. g3 0-0 5. Bg2 d6 6. 0-0 c6 7. d4 Qc7 8. e4 e5 9. h3 Rd8 10. Be3 Nbd7 11. Qc2 exd4 12. Nxd4 Nf8 13. Rad1 Ne8 14. f4 Ne6 15. Qf2 Nxd4 16. Bxd4 Be6 17. b3 f6 18. Rd3 Qa5 19. f5 Bf7 20. fxg6 hxg6 21. Nd1 b5 22. cxb5 Qxb5 23. Qd2 c5 24. Nc3 Qa6 25. Bxc5 Qxd3 26. Qxd3 dxc5 27. Qc2 Rac8 28. Rd1 Bf8 29. Nd5 Bd6 30. Kh2 Kg7 31. Ne3 Be6 32. Bf1 Be5 33. Bc4 Bd7 34. Ba6 Rc6 35. Bb5 Rd6 36. Rxd6 Nxd6 37. Bxd7 Rxd7 38. Qd3 Bd4 39. Nc2 Nf7 40. Kg2 Ne5 41. Qb5 Bc3 42. Ne3 Rd2+ 43. Kf1 Bd4 44. Ng4 Nf3 45. Qd7+ Kf8 46. Qd6+ Kf7 47. Qc7+ Kf8 48. Qf4 Nh2+ 49. Nxh2 Rxh2 50. Qb8+ Ke7 51. Qxa7+ Ke6 52. Qb6+ Ke5 53. Qc6 f5 54. Qd5+ Kf6 55. exf5 gxf5 56. b4 Rxh3 57. bxc5 Be5 58. Qd8+ Ke6 59. c6 Rh1+ 60. Kg2 Rc1 61. Qd7+ Kf6 62. a4 Rc3 63. a5 Rxg3+ 64. Kf2 Rc3 65. a6 Rc2+ 66. Kf1 f4 67. a7 Ra2 1-0

[Event "Vojvodina-chT"]
[Site "Kovacica"]
[Date "2019.11.08"]
[Round "11.5"]
[White "Mladenovic, Dusan"]
[Black "Njamcul, Dragan"]
[Result "1/2-1/2"]
[WhiteElo "2070"]
[BlackElo "2320"]
[PlyCount "34"]
[EventDate "2019.11.01"]
[EventType "team-tourn"]
[EventRounds "11"]
[EventCountry "SRB"]
[SourceTitle "CBM 192 Extra"]
[Source "Chessbase"]
[SourceDate "2019.11.06"]
[SourceVersion "1"]
[SourceVersionDate "2019.11.06"]
[SourceQuality "1"]
[WhiteTeam "Mladenovo"]
[BlackTeam "Banatsko Novo Selo"]
[WhiteTeamCountry "SRB"]
[BlackTeamCountry "SRB"]

1. e4 e5 2. Nf3 Nc6 3. Bc4 Bc5 4. c3 f5 5. b4 fxe4 6. bxc5 exf3 7. Qxf3 Nf6 8. 0-0 d5 9. cxd6 cxd6 10. d4 e4 11. Qg3 d5 12. Be2 0-0 13. Bg5 Ne7 14. h3 Nf5 15. Qh2 Qd6 16. Qxd6 Nxd6 17. Nd2 Be6 1/2-1/2

[Event "Gligoric Cup 5th"]
[Site "Novi Sad"]
[Date "2018.11.07"]
[Round "5.3"]
[White "Popovic, Zoran M"]
[Black "Mladenovic, Dusan"]
[Result "1/2-1/2"]
[WhiteElo "2182"]
[BlackElo "2080"]
[PlyCount "99"]
[EventDate "2018.11.04"]
[EventType "team-swiss"]
[EventRounds "5"]
[EventCountry "SRB"]
[SourceTitle "CBM 187 Extra"]
[Source "ChessBase"]
[SourceDate "2018.11.04"]
[SourceVersion "1"]
[SourceVersionDate "2018.11.04"]
[SourceQuality "1"]
[WhiteTeam "Gajdobra Hercegovac"]
[BlackTeam "Mladenovo"]
[WhiteTeamCountry "SRB"]
[BlackTeamCountry "SRB"]

1. d4 Nf6 2. c4 c5 3. d5 e5 4. Nc3 d6 5. e4 a6 6. Bd3 g6 7. h3 Bg7 8. Bg5 h6 9. Be3 Nbd7 10. Qd2 Nf8 11. Nge2 Nh5 12. g4 Nf6 13. f4 exf4 14. Bxf4 g5 15. Bg3 Ng6 16. 0-0-0 Qe7 17. Ng1 Nd7 18. Nf3 Nde5 19. Nxe5 Nxe5 20. Rdf1 Bd7 21. Nd1 b5 22. Ne3 bxc4 23. Bxe5 Bxe5 24. Nxc4 f6 25. Rf3 0-0 26. Rhf1 Bd4 27. Qh2 Be5 28. Nxe5 fxe5 29. Qf2 Rf4 30. Rxf4 gxf4 31. Rg1 Kg7 32. h4 a5 33. g5 h5 34. Be2 Kg6 35. Qe1 a4 36. Qd1 Rh8 37. a3 Qd8 38. Bf3 Qb6 39. Rg2 Bb5 40. Qh1 Qa7 41. Rc2 Bd7 42. Qd1 Bb5 43. Rh2 Bc4 44. Rd2 Bb3 45. Qf1 Qd7 46. Qa6 Rc8 47. Qe2 Rh8 48. Qf1 c4 49. Rh2 Rc8 50. Qe2 1/2-1/2

[Event "Vojvodina op 8th"]
[Site "Novi Sad"]
[Date "2017.07.22"]
[Round "7"]
[White "Kiremitciyan, Ari"]
[Black "Mladenovic, Dusan"]
[Result "1-0"]
[WhiteElo "2240"]
[BlackElo "2056"]
[PlyCount "67"]
[EventDate "2017.07.16"]
[EventType "swiss"]
[EventRounds "9"]
[EventCountry "SRB"]
[SourceTitle "EXT 2018"]
[Source "ChessBase"]
[SourceDate "2017.10.13"]
[SourceVersion "1"]
[SourceVersionDate "2017.10.13"]
[SourceQuality "1"]

1. Nf3 Nf6 2. c4 g6 3. Nc3 Bg7 4. e4 d6 5. d4 0-0 6. Be2 Bg4 7. Be3 c6 8. 0-0 Bxf3 9. Bxf3 Qc7 10. Be2 e5 11. dxe5 dxe5 12. c5 Rd8 13. Qc2 Nbd7 14. b4 Nf8 15. Bc4 Qe7 16. Qb3 Ne8 17. b5 Bf6 18. g3 Ng7 19. bxc6 bxc6 20. Qa4 Qc7 21. f4 Nge6 22. f5 Bg5 23. Bxg5 Nxg5 24. h4 Qe7 25. hxg5 Qxc5+ 26. Kh1 Rd4 27. Bxf7+ Kxf7 28. Qb3+ Ke8 29. fxg6 Nxg6 30. Qg8+ Kd7 31. Qxa8 Qxc3 32. Rac1 Qxg3 33. Rf7+ Ke6 34. Qe8+ 1-0

[Event "EU-chT Seniors 50"]
[Site "Novi Sad"]
[Date "2017.06.26"]
[Round "2.1"]
[White "David, Anton"]
[Black "Mladenovic, Dusan"]
[Result "0-1"]
[WhiteElo "1769"]
[BlackElo "2047"]
[PlyCount "50"]
[EventDate "2017.06.25"]
[EventType "team-tourn"]
[EventRounds "9"]
[EventCountry "SRB"]
[SourceTitle "CBM 179 Extra"]
[Source "ChessBase"]
[SourceDate "2017.08.23"]
[SourceVersion "1"]
[SourceVersionDate "2017.08.23"]
[SourceQuality "1"]
[WhiteTeam "Denmark 50"]
[BlackTeam "Serbia Chess Kruzok 50"]
[WhiteTeamCountry "DEN"]
[BlackTeamCountry "SRB"]

1. d4 Nf6 2. Nf3 g6 3. e3 Bg7 4. Bd3 0-0 5. b3 d6 6. Bb2 c6 7. c4 Bg4 8. Nbd2 e5 9. Qc2 Re8 10. dxe5 dxe5 11. Nxe5 Nd5 12. cxd5 Bxe5 13. Bxe5 Rxe5 14. dxc6 Nxc6 15. a3 Rc8 16. Nc4 b5 17. Nb2 Nd4 18. Qd2 Nxb3 19. Qb4 Nxa1 20. 0-0 Nc2 21. Qxg4 Nxa3 22. Ra1 Nc4 23. Bxc4 bxc4 24. Rd1 Qe8 25. Nxc4 Re4 0-1

[Event "Vojvodina-chT"]
[Site "Novi Sad"]
[Date "2015.11.16"]
[Round "8.1"]
[White "Ivic, Velimir"]
[Black "Mladenovic, Dusan"]
[Result "1-0"]
[WhiteElo "2268"]
[BlackElo "2104"]
[PlyCount "65"]
[EventDate "2015.11.10"]
[EventType "team-tourn"]
[EventRounds "9"]
[EventCountry "SRB"]
[SourceTitle "CBM 169 Extra"]
[Source "ChessBase"]
[SourceDate "2015.12.18"]
[SourceVersion "1"]
[SourceVersionDate "2015.12.18"]
[SourceQuality "1"]
[WhiteTeam "Banovci Dunav"]
[BlackTeam "Petrovaradin Kraljica"]
[WhiteTeamCountry "SRB"]
[BlackTeamCountry "SRB"]

1. e4 c6 2. d4 d5 3. e5 Bf5 4. c4 Bxb1 5. Rxb1 Qa5+ 6. Bd2 Qb6 7. Nf3 dxc4 8. Bxc4 e6 9. 0-0 Ne7 10. Qe1 Qd8 11. Qe4 h6 12. h4 Nd7 13. h5 Nb6 14. Bb3 Nbd5 15. Nh4 Qd7 16. f4 Nf5 17. Nxf5 exf5 18. Qd3 Qe6 19. a3 Be7 20. Bc2 g6 21. g4 Rg8 22. gxf5 gxf5+ 23. Kh2 Rg4 24. Qxf5 0-0-0 25. Qxe6+ fxe6 26. Bg6 Rf8 27. Kh3 Rh4+ 28. Kg3 Rg8 29. Rh1 Rxh1 30. Rxh1 Kd7 31. Kh3 c5 32. f5 cxd4 33. Bf7 1-0

[Event "Vojvodina-ch 4th"]
[Site "Novi Sad"]
[Date "2013.06.28"]
[Round "2"]
[White "Nestorovic, Nikola"]
[Black "Mladenovic, Dusan"]
[Result "1-0"]
[WhiteElo "2405"]
[BlackElo "2145"]
[PlyCount "95"]
[EventDate "2013.06.28"]
[EventType "swiss"]
[EventRounds "9"]
[EventCountry "SRB"]
[SourceTitle "CBM 155 Extra"]
[Source "ChessBase"]
[SourceDate "2013.08.26"]
[SourceVersion "1"]
[SourceVersionDate "2013.08.26"]
[SourceQuality "1"]

1. e4 c6 2. d4 d5 3. e5 Bf5 4. Nd2 e6 5. Nb3 c5 6. dxc5 Bxc5 7. Nxc5 Qa5+ 8. c3 Qxc5 9. Nf3 Qc7 10. Bb5+ Nc6 11. Be3 Nge7 12. Bc5 Bg4 13. 0-0 0-0 14. Bd6 Qd7 15. h3 Bxf3 16. Qxf3 f6 17. Qe2 fxe5 18. Bxe5 Ng6 19. Bg3 Rae8 20. Rad1 a6 21. Bd3 Nf4 22. Bxf4 Rxf4 23. Qh5 g6 24. Bxg6 Ref8 25. Bc2 Qg7 26. Rde1 R4f6 27. f4 Kh8 28. Qe2 Qh6 29. Qd3 R6f7 30. f5 Rxf5 31. Rxf5 Rxf5 32. Rxe6 Qxe6 33. Qxf5 Qxf5 34. Bxf5 Ne7 35. Bd3 h6 36. Kf2 Kg7 37. Ke3 Kf6 38. Kd4 Ke6 39. Kc5 Nc8 40. Be2 Nd6 41. Bf3 Ne4+ 42. Bxe4 dxe4 43. Kd4 Kf5 44. g3 h5 45. Ke3 Ke5 46. g4 h4 47. c4 a5 48. b3 1-0

[Event "Vojvodina-ch 1st"]
[Site "Novi Sad"]
[Date "2010.07.30"]
[Round "7"]
[White "Strebkovs, Andrejs"]
[Black "Mladenovic, Dusan"]
[Result "1/2-1/2"]
[WhiteElo "2325"]
[BlackElo "2199"]
[PlyCount "111"]
[EventDate "2010.07.25"]
[EventType "swiss"]
[EventRounds "9"]
[EventCountry "YUG"]
[SourceTitle "CBM 137 Extra"]
[Source "ChessBase"]
[SourceDate "2010.09.01"]
[SourceVersion "1"]
[SourceVersionDate "2010.09.01"]
[SourceQuality "1"]

1. Nf3 Nf6 2. g3 g6 3. Bg2 Bg7 4. 0-0 0-0 5. d4 d6 6. a4 c6 7. b3 Qc7 8. Bb2 Re8 9. Nbd2 a5 10. e4 Bg4 11. Re1 Nfd7 12. Nc4 Na6 13. h3 Bxf3 14. Bxf3 c5 15. dxc5 Naxc5 16. Bxg7 Kxg7 17. Qd4+ Ne5 18. Bg2 Kg8 19. Ne3 Ne6 20. Qb2 Qc5 21. f4 Nd7 22. Rad1 Rac8 23. e5 Nb6 24. Kh1 dxe5 25. fxe5 Red8 26. Bxb7 Rb8 27. Rxd8+ Nxd8 28. Bg2 Nxa4 29. Qa1 Nb6 30. c4 Ne6 31. Qc3 Nd4 32. Ra1 Ne2 33. Rxa5 Qc7 34. Qe1 Nd4 35. c5 Nc8 36. Nd5 Qd8 37. b4 Kg7 38. Qc3 Ne2 39. Qe3 e6 40. Qxe2 exd5 41. Rb5 Rxb5 42. Qxb5 Qg5 43. c6 Ne7 44. Qc5 Qxe5 45. c7 Nc8 46. b5 Qxg3 47. b6 Qe1+ 48. Kh2 Qe5+ 49. Kg1 Qe1+ 50. Kh2 Qe5+ 51. Kg1 Qe1+ 52. Bf1 Qb1 53. Qd4+ Kg8 54. Qf6 Qxb6+ 55. Qxb6 Nxb6 56. Ba6 1/2-1/2